000 00424nam a2200181Ia 4500
001 12770
005 20260306163005.0
008 260306t2007||||xx |||||||||||||| ||spa||
041 _aESP
082 _aRD 103
_bA12 2007
100 _aAbbagnano, Nicola
_eAUT
245 0 _aDiccionario de filosofía
260 _c2007
300 _a1103 páginas :
_ccm.
650 _aGEN
654 _aCHU
942 _cDIC
_dJUS
_fJUS
_2ddc
_n
999 _c12770
_d12770